| 000 | 00583nam a2200181 a 4500 | ||
|---|---|---|---|
| 001 | 000015604 | ||
| 005 | 20240412074244.0 | ||
| 008 | 100215s1981 dr a 000 j spa d | ||
| 040 |
_aDO-SdBNP _bspa _cBNPHU |
||
| 082 |
_aRD863.44 _bM839p |
||
| 100 | 1 |
_aMorel, Eusilda Jorge _935186 |
|
| 245 | 1 | 0 |
_aPlayas sin fronteras : _bcuentos basados en hechos veridicos / _cEusilda Jorge Morel. |
| 260 |
_aSantiago de los Caballeros : _bImpresos Rey, _c1981. |
||
| 300 |
_a71 p. : _bil. ; _c21 cm. |
||
| 650 | 0 |
_aCuentos dominicanos _9176 |
|
| 650 | 0 |
_aLiteratura dominicana. _967 |
|
| 049 | _aBNPD | ||
| 999 |
_c15159 _d15159 |
||